000 01058nam a2200241Ia 4500
003 OSt
005 20220923212531.0
006 a|||||r|||| 00| 0
007 ta
008 220922b |||||||| |||| 00| 0 san d
024 _a153,864
037 _cTextual
040 _aARTS
_cARTS
_bsan
041 _2san
_asan
082 _aO15,1x, 152K0
100 _aमंगलदेव, संपा.
_9156275
245 0 _aसुभाषित सप्तशती* वैदिक, संस्कृत तथा पालि वांगमय से पठन और मनन करने योग्य प्रेरणाप्रद सुभाषितों का सग्रह
246 _aSubhāṣhit saptashatī: vaidika, sanskṛut tathā pāli vāangamaya se paṭhan aur hinan karane yogya preraṇāprad subhāṣhitoan kā sagraha
260 _c1960
650 _aसंस्कृत साहित्य
942 _hO15,1x, 152K0
_cTEXL
_2CC
999 _c309495
_d309495